Metodología del análisis y diseño de sistemas administrativos (Registro nro. 2443)

Detalles MARC
000 -LEADER
fixed length control field 01407 a2200205 4500
001 - CONTROL NUMBER
control field 34399
005 - DATE AND TIME OF LATEST TRANSACTION
control field 20260407155631.0
008 - FIXED-LENGTH DATA ELEMENTS--GENERAL INFORMATION
fixed length control field 260407a1976 arg spa d
003 - CONTROL NUMBER IDENTIFIER
control field AR-UNSa-BCEJYS
040 ## - CATALOGING SOURCE
Original cataloging agency AR-UNSa-BCEJYS
Language of cataloging spa
Transcribing agency AR-UNSa-BCEJYS
080 ## - UNIVERSAL DECIMAL CLASSIFICATION NUMBER
Universal Decimal Classification number 658.012
Common auxiliary subdivision Métodos (Management...)
100 1# - MAIN ENTRY--PERSONAL NAME
Personal name Lardent, Alberto R.
245 10 - TITLE STATEMENT
Title Metodología del análisis y diseño de sistemas administrativos
250 ## - EDITION STATEMENT
Edition statement 2a. ed
264 #1 - PRODUCTION, PUBLICATION, DISTRIBUTION, MANUFACTURE, AND COPYRIGHT NOTICE
Place of production, publication, distribution, manufacture Buenos Aires :
Name of producer, publisher, distributor, manufacturer El Coloquio
Date of production, publication, distribution, manufacture, or copyright notice 1976
300 ## - PHYSICAL DESCRIPTION
Extent 399 p.
Dimensions 21 cm.
505 ## - FORMATTED CONTENTS NOTE
Formatted contents note 1. Introducción al estudio de sistemas - 2. El esquema básico del sistema de trabajo de la empresa - 3. El estudio de sistemas como medio para lograr efectividad y economía - 4. Metodología del análisis de sistemas - 5. Primera etapa: Estudio preliminar, definición del objetivo y determinación de la finalidad del mandato - 6. Segunda etapa: Planeamiento del proyecto. Presentación del plan de trabajo - 7. Tercera etapa: Planeamiento del proyecto.Presentación del plan de trabajo - 8. Técnicas de relevamiento de información recolección y comprobación - 9. Las relaciones humanas y la recolección de hechos: la resistencia al cambio - 10. Técnicas para el registro de los hechos - 11. Representación gráfica de los procedimientos - 12. Cuarta etapa: Diagnóstico,evaluación y análisis de los hechos.
590 ## - LOCAL NOTE (RLIN)
Local note niveau_biblio:m niveau_hierar:0
942 ## - ADDED ENTRY ELEMENTS (KOHA)
Koha item type
Existencias
Withdrawn status Lost status Damaged status Not for loan Home library Current library Shelving location Date acquired Total checkouts Full call number Barcode Date last seen Price effective from Koha item type
        Biblioteca Prof. Eusebio Cleto del Rey Biblioteca Prof. Eusebio Cleto del Rey   07/04/2026   658.012 L321 2ed. L33945 07/04/2026 07/04/2026 Libro
        Biblioteca Prof. Eusebio Cleto del Rey Biblioteca Prof. Eusebio Cleto del Rey   07/04/2026   658.012 L321 2ed. L39014 07/04/2026 07/04/2026 Libro
        Biblioteca Prof. Eusebio Cleto del Rey Biblioteca Prof. Eusebio Cleto del Rey   07/04/2026   658.012 L321 2ed. L39015 07/04/2026 07/04/2026 Libro
        Biblioteca Prof. Eusebio Cleto del Rey Biblioteca Prof. Eusebio Cleto del Rey   07/04/2026   658.012 L321 2ed. L35895 07/04/2026 07/04/2026 Libro